XVIII International school psychology colloquium

Salvato in:
Dettagli Bibliografici
Natura: Libro
Lingua:inglese
portoghese
Pubblicazione: Sao Paulo Atomo 1994
Soggetti:
Tags: Aggiungi Tag
Nessun Tag, puoi essere il primo ad aggiungerne!!

MARC

LEADER 00000nam a2200000 a 4500
001 UCL0148
003 CL-VaPUC
005 20240401121856.0
008 030627e19940000bl 1 eng d
041 0 7 |a eng  |2 CL-VaPUC 
041 0 7 |a por  |2 CL-VaPUC 
082 0 4 |a 370.15  |b INT  |2 21 
245 1 0 |a XVIII International school psychology colloquium 
246 1 0 |a II Congresso nacional de psicologia escolar 
246 1 0 |a Theme: Challenge of school psychology, the child's future in school, family and society: abstracts 
246 1 2 |a O desafio da psicologia escolar: o futuro da crianca na escola, família e sociedade:resumos 
260 |a Sao Paulo  |b Atomo  |c 1994 
300 |a 204 p 
583 |a last modification  |c 20030627 00:00:00  |k Rodrigo Vera 
650 0 0 |a Psicología educacional   |9 307830 
650 0 0 |a Integración social  |9 319662 
650 0 0 |a Familias   |9 255641 
650 0 0 |a Planificación del currículo  |9 269599 
942 |c BK 
945 |a cmena  |d 20030627 00:00:00 
546 |a En Inglés 
546 |a En Portugués 
518 |p International School Psychology Colloquium, 18, Sao Paulo, julio 1994 
518 |p Congresso Nacional de Psicologia Escolar, 2, Sao Paulo, julio 1994 
999 |c 383884  |d 383882 
952 |0 0  |1 0  |4 0  |6 370_150000000000000_INT_1994  |7 0  |8 P  |9 506201  |a BIBEDU  |b BIBEDU  |c BIBEDU_PB  |d 2020-01-23  |i 3918203  |o 370.15 INT 1994  |p 3918203  |r 2024-01-25  |w 2020-01-23  |y BK  |k EPE